| 000 | 00461nam a22001457a 4500 | ||
|---|---|---|---|
| 005 | 20231127121147.0 | ||
| 008 | 231127b |||||||| |||| 00| 0 eng d | ||
| 041 | _aEnglish | ||
| 082 | _a340.1 PUB | ||
| 100 | _lEnglish | ||
| 245 |
_aPublic Integrity Regimes and Lawyers' Integrity in SADC Countries: Issues and Questions / _cKanyongolo, FE |
||
| 300 |
_b29 pages ; _c30,4 cm. |
||
| 650 |
_aLegal practice _bLaw |
||
| 942 |
_cBK _6ALISON_BN_VRIES |
||
| 999 |
_c981 _d981 |
||